000 00370nam a22001451a 4500
082 _aM3
_bJOS/U
100 _aJose Panachipuram
245 _aUthamapurushanum sthreepakshavum/
_cby Jose Panachipuram
260 _aKollam:
_bSankeerthanam,
_c2009.
300 _a55p.
650 _aNovel Malayalam
650 _aLiterature Malayalam
650 _aLiterature
942 _cBK
999 _c48490
_d48490